| 000 | 00885nam a2200265 i 4500 | ||
|---|---|---|---|
| 001 | 16612 | ||
| 003 | ES-MaACL | ||
| 005 | 20230906151348.0 | ||
| 007 | t| | ||
| 008 | 001019s1990 sp ||||0| spa d | ||
| 016 | 7 | _zSIC92004900 | |
| 020 | _a84-7509-591-7 | ||
| 040 |
_aM-BN _bspa _cSIC |
||
| 080 | _a929 Reich, Wilhelm | ||
| 100 | 1 |
_aReich, Wilhelm. _995949 |
|
| 245 | 1 | 0 |
_aPasión de juventud _b: una autobiografía, 1897-1922 / _cWilhelm Reich ; compiladores Mary Boyd Higgins, Chester M. Raphael ; [traducción de Julio Balderrama]. |
| 250 | _a[1ª ed.]. | ||
| 260 |
_aBarcelona : _bPaidós, _c1990. |
||
| 300 |
_a195 p., [8] p. de lám. ; _c22 cm. |
||
| 600 | 1 | 4 |
_aReich, Wilhelm- _xBiografías. _995950 |
| 700 | 1 |
_aBalderrama, Julio. _924883 |
|
| 700 | 1 |
_aHiggins, Mary Boyd. _963637 |
|
| 700 | 1 |
_aRaphael, Chester M. _995455 |
|
| 852 |
_aES-MaACL _jL-23851 _bR.128778 |
||
| 999 |
_c16612 _d16612 |
||